000 00945cam a2200265 a 4500
999 _c126932
_d126932
001 4361983
003 ARRUPE
005 20170906093852.0
008 900305s1990 mau b 001 0 eng
010 _a 90034173
020 _a0262111519
040 _aDLC
_cDLC
_dDLC
050 0 0 _aP106
_b.K2995 1990
082 0 0 _a149/.94
_220
100 1 _aKatz, Jerrold J.
_935689
245 1 4 _aThe metaphysics of meaning /
_cJerrold J. Katz.
260 _aCambridge, Mass. :
_bMIT Press,
_cc1990.
300 _axi, 356 p. ;
_c24 cm.
440 0 _aRepresentation and mind
_92344
500 _a"A Bradford book."
504 _aIncludes bibliographical references (p. [321]-352) and index.
650 0 _aLanguages
_xPhilosophy.
_935690
906 _a7
_bcbc
_corignew
_d1
_eocip
_f19
_gy-gencatlg
942 _2lcc
_cMONOGRAPH